000 00529nam a22002057a 4500
999 _c2903
_d2903
003 OSt
005 20210726084941.0
008 210726b ||||| |||| 00| 0 eng d
020 _a 0073302082
020 _a9780073302089
040 _cALUPE UNIVERSITY
050 _aQR41.2
_b.P74 2008
100 _a Joanne M Wiley
245 _aPresscott, Harley, and Klein's microbiology. 7th ed.
250 _a7th ed.
260 _aNew york
_bMcGraw-Hill
_cc 2008.
300 _a1083p
500 _aindex incl.
942 _2lcc
_cBK
_nDO